| 000 | 00801 a2200217 4500 | ||
|---|---|---|---|
| 010 | _aENG-90086 | ||
| 020 |
_a8190257978 _c550.00 |
||
| 035 | _aEN-73619 | ||
| 037 | _bDBAD / PUB | ||
| 082 | 1 | 4 | _a954.083 |
| 090 |
_c12308 _d12308 |
||
| 100 | 1 | _aSyed Ahmed Khan | |
| 245 | 1 |
_cby Sir Syed Ahmad Husain; translated from Urdu with introduction by Jaweed Ashraf _aCauses of Indian rebellion/ |
|
| 246 | _aAsbab Baghavat- i - Hind | ||
| 260 |
_aDelhi _bAsha Jyoti Book Sellers & Publishers _c2007 |
||
| 270 |
_aA-35, Dainik-Janyug Apartment, Vasundhara Enclave, _bDelhi _e110096 _cDelhi |
||
| 300 |
_aviii, 239p. _c22 cm. (Hb) |
||
| 500 | _aIncludes index. | ||
| 942 |
_adpl _cEN _k954.083 / SYE |
||
| 999 |
_c11953 _d11953 |
||